000 00659nam a2200193Ia 4500
003 GCL
008 140319s9999 xx 000 0 ara d
020 _a075200977
040 _aGCL /
_cGCL
082 0 4 _a320.962
_bا ا
100 1 _aاحمد الشايب
245 1 0 _aصديقى الرئيس /
_cاحمد الشايب
260 _aالقاهرة :
_bمكتبة النهضة المصرية ،
_c1993
300 _a262 ص ؛
_c24 سم
650 0 4 _aالاحوال السياسية
650 0 4 _aمصر - الاحوال السياسية
650 0 4 _aمصر - تاريخ - العصر الحديث - حسنى مبارك ( 1981 - )
942 _2ddc
_cBK
999 _c50194
_d50194